000 00524nam a2200205 a 4500
999 _c6483
_d6483
001 6483
003 BD-JhCC
005 20211201134022.0
008 180123s2008 ii |||| |||| 000 0 eng d
020 _a0521678633
035 _a(BD-JhCC)
040 _aBD-JhCC
_dBD-JhCC
041 _aeng
082 _a428.24076
_b2008
245 _aCambridge IELTS : V4 With Answers /
_cCambridge University Press
300 _a176 p;,
_c22 cm
650 _aEnglish Language
710 _aCambridge University Press
942 _2ddc
_cBK
_04